000 00792nam a2200301Ia 4500
001 24690
005 20240114000816.0
007 ta
008 060413s2003 a g b000 u 807 u
020 _a81-7016-606-3
040 _aCotton College,Assam
041 _a807
082 _a928
_bRa 137 Me
100 _aRakesh, Mohan.
245 0 _aMere Saakshaatkar /
_cMohan Rakesh.
_hTextual Documents
250 _a1st ed. /
260 _aNew Delhi :
_bKitab Ghar ,
_c2003.
300 _a143p. :
_bill ;
_c22cm .
440 _aMere Saakshaatkar Series,
490 _aMere Saakshaatkar Series,
653 _aBiography
653 _aInterviews-Hindi
653 _aGen-Hindi
700 _aTaneja, Jaidev .
942 _2ddc
_cBK
999 _c24672
_d24672